
Library Catalogue

| 000 -LEADER | |
|---|---|
| fixed length control field | 00957nam a2200253Ia 4500 |
| 003 - CONTROL NUMBER IDENTIFIER | |
| control field | OSt |
| 005 - DATE AND TIME OF LATEST TRANSACTION | |
| control field | 20251218064547.0 |
| 008 - FIXED-LENGTH DATA ELEMENTS--GENERAL INFORMATION | |
| fixed length control field | 160316s2007 xxu||||| |||| 00| 0 eng d |
| 020 ## - INTERNATIONAL STANDARD BOOK NUMBER | |
| International Standard Book Number | 9780753511497 |
| 040 ## - CATALOGING SOURCE | |
| Transcribing agency | nls |
| 082 ## - DEWEY DECIMAL CLASSIFICATION NUMBER | |
| Classification number | 158.1 BRA |
| 100 ## - MAIN ENTRY--PERSONAL NAME | |
| Personal name | Branson Richard |
| 245 ## - TITLE STATEMENT | |
| Title | Screw it, Let's Do It. Expanded : Lesson in Life and Business |
| 260 ## - PUBLICATION, DISTRIBUTION, ETC. | |
| Place of publication, distribution, etc. | London : |
| Name of publisher, distributor, etc. | Virgin book Ltd ; |
| Date of publication, distribution, etc. | 2007 |
| 300 ## - PHYSICAL DESCRIPTION | |
| Extent | 228p |
| Dimensions | vii |
| 365 ## - TRADE PRICE | |
| Price amount | Rs. 350 |
| 505 ## - FORMATTED CONTENTS NOTE | |
| Formatted contents note | Contents - Preface: The bigger picture. 1. Just do it! 2. Have fun! 3. Be bold 4. Challenge yourself 5. Stand on your own feet 6. Live the moment 7. Value family and friends 8. Have respect 9. Gaia capitalism 10. Sex appeal 11. Be innovative 12. Do some good 13. Pow! Shazam! 14. Thinking young Epilogue. Index. |
| 650 ## - SUBJECT ADDED ENTRY--TOPICAL TERM | |
| Topical term or geographic name entry element | Applied Psychology |
| 650 ## - SUBJECT ADDED ENTRY--TOPICAL TERM | |
| Topical term or geographic name entry element | Secrets of Success |
| 650 ## - SUBJECT ADDED ENTRY--TOPICAL TERM | |
| Topical term or geographic name entry element | Personality Improvement |
| 650 ## - SUBJECT ADDED ENTRY--TOPICAL TERM | |
| Topical term or geographic name entry element | Successful Stories |
| 700 ## - ADDED ENTRY--PERSONAL NAME | |
| Personal name | |
| -- | |
| 942 ## - ADDED ENTRY ELEMENTS (KOHA) | |
| Source of classification or shelving scheme | Dewey Decimal Classification |
| Koha item type | BOOKs |
| Withdrawn status | Lost status | Damaged status | Not for loan | Home library | Current library | Shelving location | Date acquired | Cost, normal purchase price | Total Checkouts | Full call number | Barcode | Date last seen | Price effective from | Koha item type |
|---|---|---|---|---|---|---|---|---|---|---|---|---|---|---|
| . | . | NAB Compactor | 30.05.2017 | 350.00 | 158.1 BRA | 23455 | 30.05.2017 | 30.05.2017 | BOOKs |